000 00563 a2200241 4500
003 DLC
005 20260407154959.0
008 2021s2021 xx 000 0 eng d
020 _a9780367507749
040 _aDLC
_beng
050 4 _aGA101 .K73 2021
100 1 _aKraak, Menno-Jan
_eauthor.
245 1 0 _aCartography
250 _a4th ed.
264 1 _bCRC Press LLC
_c2021
300 _axv, 245p. ill.
336 _2CC
338 _2CC
600 _aGeographic information systems
600 _aMap making
650 0 _aCartography
942 _2lcc
_cBK
999 _c44279
_d44279